000 00671nam a22002177a 4500
001 46761
003 UA-OsUOA
005 20220717143439.0
007 ta
008 20070705b un ||||| |||| 00| 0 ukr d
040 _aUA-OsUOA
_brus
_cUA-OsUOA
_dUA-OsUOA
041 _arus
080 _a821.161.1
090 _a821.161.1
_bП95
245 _aПьесы столичных и провинциальных театров первой половины XVII в.
_cред. А. Н. Робинсон
260 _aМ.
_bНаука
_c1975
300 _a733 с.
650 7 _a82 Література. Літературознавство
_2UDC
942 _cBK
_2udc
955 _a4
999 _c332864
_d332864